Katechéza v hudbe - hudba v katechéze

Podrobná bibliografia
Hlavný autor: Mandáková, Mária (Autor)
Médium: Článok
Jazyk:slovenčina
Fyzický popis:Tab.
ISSN:1336-0205
Predmet:

MARC

LEADER 00000nab a2200000 ar4500
001 vtls008983216
003 SK-MaSNL
005 20260303190137.0
008 070424c2007 xo qr|p|||||||000 b|slo
015 |a SNBRB2007/04 
038 |a SNKBUCL 
040 |a SNKBUCL  |b slo  |e AACR2  |c SNKBUCL 
041 0 |a slo 
044 |a xo  |c SK 
080 |a 37.03:78  |2 1997 
080 |a 261.5  |2 1997 
100 1 |a Mandáková, Mária  |4 aut  |9 1127834 
245 1 0 |a Katechéza v hudbe - hudba v katechéze  |c Mária Mandáková 
300 |a Tab. 
650 0 7 |a hudba  |2 snkbucl  |9 1063 
650 0 7 |a hudobná výchova  |2 snkbucl  |9 1662 
650 0 7 |a katolícke školy  |2 snkbucl  |9 236456 
773 0 |t Katolícky učiteľ  |g Roč. I, č. 3 (2006-07), s. 11-13  |x 1336-0205 
852 |a SNK  |b KIS3GCP 
958 |a SK 
958 |a NT 
999 |c 2134769  |d 2136699